Forces and energy

Bibliographic Details
Main Author: Ward, Alan
Other Authors: Lye, Michael (illustrated)
Format: Book
Published: London : Franklin Watts , 1992
Series:Science discovery
Subjects:

MARC

LEADER 00000cam a2200000 7i4500
001 0000001344
002 000001479
005 20000330.0
020 |a 0749606789 
090 0 0 |a J 507   |b SCI 
100 1 |a Ward, Alan 
245 1 0 |a Forces and energy   |c Alan Ward ; illustrated by Michael Lye 
260 |a London :   |b Franklin Watts ,   |c 1992 
300 |a 32p. :   |b ill. ;   |c 27cm. 
490 0 |a Science discovery 
650 0 0 |a Forces   |x Juvenile literature 
700 1 |a Lye, Michael ,   |e illustrated 
999 |a 027185   |b BUKU   |c RUJUKAN   |e PERPUSTAKAAN KOMUNITI CAW KOTA DAMANSARA 
999 |a 032784   |b BUKU   |c JUNIOR REFERENCE   |e PERPUSTAKAAN KOMUNITI CAW KOTA DAMANSARA